Sir Gideon Ofnir's Speech Elden Ring - Statistics

General Stats
  • This quiz has been taken 300 times
  • The average score is 30 of 45
Answer Stats
Answer % Correct
I
93%
I
93%
A
86%
Elden
86%
Elden
86%
The
84%
The
84%
Ring.
83%
Knew
82%
Lord.
82%
Come.
81%
To
81%
To
81%
To
81%
You'd
79%
Become
77%
Stand
74%
Before
73%
Marika
69%
For
64%
Queen
63%
Us.
63%
Has
61%
High
61%
Hopes
61%
Of
60%
We
59%
Struggle.
58%
Eternity.
57%
But
56%
What
56%
Alas,
55%
Sad
55%
That
55%
Affairs.
53%
Continue
53%
None
53%
Shall
53%
State
53%
Throne.
52%
Take
51%
Unto
51%
Your
51%
Commend
46%
Spirit,
45%
No matching quizzes found
Score Distribution
Percent of People with Each Score
Percentile by Number Answered
Your Score History
You have not taken this quiz